000 00485nam a2200181Ia 4500
005 20250508150742.0
008 008 250505s9999 xx 000 0 eng d
037 _aTextual
040 _aFEDL
_beng
_cFEDL
041 _aeng
_2eng
084 _a824.75, LAM
_qFEDL
100 _aLamb Charles
245 0 _aEssays of Elia
260 _aLondon, UK
_bJ M Dent and Sons Limited
_c1947
300 _axviii,327p
942 _cTEXL
_h824.75, LAM
999 _c1325444
_d1325444